| 000 | 01364nam0a2200325 i 4500 | ||
|---|---|---|---|
| 001 | RU\NLR\BIBL_A\010561480 | ||
| 005 | 20260412030341.0 | ||
| 010 |
_a9785957109907 _9300 |
||
| 021 |
_aRU _b2014-76610 _94685 |
||
| 035 | _a(NILC)RuMoRGB-007566785 | ||
| 035 | _a(NLR Aleph) 010561480 | ||
| 090 |
_a10382343 _c10382343 |
||
| 100 | _a20141210d2014 km y0rusy50 ca | ||
| 101 | 0 | _arus | |
| 102 | _aRU | ||
| 105 | _ay|||z|||000yy | ||
| 200 | 1 |
_aКонцепт "целостности" человека в социально-гуманитарном и религиозно-философском знании _fС. А. Шемраев, С. Н. Борисов |
|
| 210 |
_aБелгород _cБелгород _d2014 |
||
| 215 |
_a145 с. _d21 |
||
| 320 | _aБиблиогр.: с. 131-145 (221 назв.) и в подстроч. примеч. | ||
| 606 | 1 |
_aАнтропология философская _xИстория _92152099 _3RU\NLR\AUTH\661295929 |
|
| 686 | 1 | _aЮ216г | |
| 686 | 1 | _aЮ216.1 | |
| 700 | 1 |
_aШемраев _bС. А. _gСтанислав Александрович |
|
| 701 | 1 |
_8rus _7ca _aБорисов _bС. Н. _cд-р филос. наук _gСергей Николаевич _3RU\NLR\AUTH\7742883 _925826 |
|
| 801 | 0 |
_aRU _bРГБ _c20141014 _gRCR |
|
| 942 | _cBOOK | ||
| 980 | _aNBR | ||